Southville International School and Colleges
Your cart is empty.
  • Cart
  • Lists
    Public lists Eva Luna New books Lux_list list_1
    Your lists Log in to create your own lists
  • Log in to your account
  • Your cookies
  • Search history
Southville International School and Colleges
  • Advanced search
  • Recent comments
  • Most popular
  • Libraries

Log in to your account

Log in with GOOGLE


If you do not have an external account, but do have a local account, you can still log in:

  1. Home
  2. MARC view: Teddy's A B C /
Normal view MARC view ISBD view

Teddy's A B C / (Record no. 109903)

[ view plain ]
MARC details
000 -LEADER
fixed length control field 00575nam a2200193 a 4500
001 - CONTROL NUMBER
control field 1686
005 - DATE AND TIME OF LATEST TRANSACTION
control field 20140414131845.0
008 - FIXED-LENGTH DATA ELEMENTS--GENERAL INFORMATION
fixed length control field 001109s19uu xx 00 eng d
020 ## - INTERNATIONAL STANDARD BOOK NUMBER
International Standard Book Number 0-7097-0863-7
050 ## - LIBRARY OF CONGRESS CALL NUMBER
Classification number M 423.1
Item number Sp9 1993
100 ## - MAIN ENTRY--PERSONAL NAME
Personal name Spurgeon, Maureen
245 ## - TITLE STATEMENT
Title Teddy's A B C /
Statement of responsibility, etc text by Maureen Spurgeon ; illustrations by Pamela Storey.
260 ## - PUBLICATION, DISTRIBUTION, ETC. (IMPRINT)
Place of publication, distribution, etc Beauchamp, Leics, England :
Name of publisher, distributor, etc Brown Watson,
Date of publication, distribution, etc 1993.
300 ## - PHYSICAL DESCRIPTION
Extent 1 v. p. : ill. ; cm.
650 ## - SUBJECT ADDED ENTRY--TOPICAL TERM
Topical term or geographic name as entry element Alphabet
General subdivision Juvenile literature.
650 ## - SUBJECT ADDED ENTRY--TOPICAL TERM
Topical term or geographic name as entry element Children stories.
Holdings
Withdrawn status Lost status Damaged status Use restrictions Home library Current library Shelving location Date acquired Source of acquisition Total Checkouts Full call number Barcode Date last seen Price effective from Koha item type
        Munich Library Munich Library Main Section 12/29/2004     M 423.1 Sp9 1993 M0099 04/14/2014 04/14/2014 Books
        Munich Library Munich Library Main Section 07/27/2010     M 423.1 Sp9 1993 M0338 04/14/2014 04/14/2014 Books

Teddy's A B C /

APA

Spurgeon M., . (1993). Teddy's A B C. Beauchamp, Leics, England: Brown Watson.

Chicago

Spurgeon Maureen, . 1993. Teddy's A B C. Beauchamp, Leics, England: Brown Watson.

Harvard

Spurgeon M., . (1993). Teddy's A B C. Beauchamp, Leics, England: Brown Watson.

MLA

Spurgeon Maureen, . Teddy's A B C. Beauchamp, Leics, England: Brown Watson. 1993.

  • Place hold
  • Print
  • Cite
  • Add to your cart (remove)
  • Save record
    BIBTEX Dublin Core MARCXML MARC (non-Unicode/MARC-8) MARC (Unicode/UTF-8) MARC (Unicode/UTF-8, Standard) MODS (XML) RIS
  • More searches
    Search for this title in:
    Other Libraries (WorldCat) Other Databases (Google Scholar) Online Stores (Bookfinder.com) Open Library (openlibrary.org)

Exporting to Dublin Core...

SOUTHVILLE LIBRARY

Southville International School and Colleges Library

1281 Tropical Ave. Cor. Luxembourg St., BF Homes International, Las Pinas City

Tel. No. 8256374 / 252358 Loc. 117/146

Powered by Koha